1842 1552 1061 1818 1901 1887 1755 1452 1232 1271 1501 1931 1602 1304 1968 1260 1255 1006 1031 1122 1797 1991 1443 1240 1289 1589 1418 1670 1007 1316 1892 1785 1389 1465 1616 1353 1596 1964 1787 1714 1717 1867 1823 1155 1511 1805 1047 1551 1382 1858 1603 1410 1554 1237 1579 1418 1253 1430 1822 1906 1056 1736 1300 1541 1302 1680 1609 1103 1464 1504 1290 1337 1206 1619 1353 1361 1234 1514 1383 1216 1454 1591 1987 1225 1033 1492 1652 1868 1598 1887 1009 1360 1344 1779 1930 1413 1892 1445 1697 BCNSPRNW ULIB Ver.6.0+V

เปลี่ยนเป็นภาษาไทย

Change to English
 แสดงรายละเอียดบรรณานุกรม
  กลับหน้าหลัก

Brief Record : Get Marc (ISO 2709) : E-mail record : QR code < ปิดหน้าต่าง
LEADER : 00000nam a2200000Ia 4500
001    13399125536
003     ULIB
008    170315s2558 th a b 000 0 tha d
020    ^a9786163980304
040    ^abns
060 04 ^aWM190^bณ259บ
100 0  ^aณหทัย วงศ์ปการันย์
245 10 ^aบุคลิกภาพแปรปรวน :^bการประเมินและการรักษา = Personalitydisorders : assessment and treatment /^cณหทัย วงศ์ปการันย์,ทินกร วงศ์ปการันย์
246 31 ^aPersonality disorders :^bassessment and treatment
250    ^aฉบับปรับปรุง
260    ^aเชียงใหม่ :^bภาควิชาจิตเวชศาสตร์ คณะแพทยศาสตร์ มหาวิทยาลัยเชียงใหม่,^c2558
300    ^aก-ฌ, 504 หน้า :^bภาพประกอบ ;^c23 ซม.
650  4 ^aบุคลิกภาพผิดปกติ
700 0  ^aทินกร วงศ์ปการันย์
710 2  ^aมหาวิทยาลัยเชียงใหม่.^bคณะแพทยศาสตร์.^bภาควิชาจิตเวชศาสตร์
945    ^p520^l0^i25212
995    ^aกัณชพร
999    ^aกัณชพร
รายการนี้ยังไม่มีแท็ก
คุณยังไม่ได้ล็อกอิน คุณสามารถมีกิจกรรมร่วมกับเว็บไซต์ได้ แต่ต้องล็อกอินก่อน ::
  ล็อกอิน

รายการสื่อสารสนเทศ

ลำดับที่ ประเภท เลขเรียก/บาร์โค้ด สถานที่ สถานะ
1. วิทยาศาสตร์การแพทย์ และสุขภาพ
วิทยาศาสตร์การแพทย์ และสุขภาพ
สถานะ=หนังสือเก่า
WM190 ณ259บ ฉ.1 
  Barcode: 25212
ห้องสมุดวิทยาเขตนครสวรรค์
►ส่วนจัดเก็บหนังสือเก่า นว.
บนชั้น
  ขอยืม

รายการใกล้เคียง
    ผู้แต่ง [ณหทัย วงศ์ปการันย์]

    หัวเรื่อง [บุคลิกภาพผิดปกติ]

BibComment


ยังไม่เคยถูกคอมเมนท์

คอมเมนท์ทรัพยากรรายการนี้
  คอมเมนท์: บุคลิกภาพแปรปรวน..


 Copyright 2026. Bcnsprnw @Library